| 000 | 00629nam a2200193 4500 | ||
|---|---|---|---|
| 999 |
_c189731 _d189731 |
||
| 005 | 20220712111148.0 | ||
| 010 | _aENG-133470 | ||
| 020 |
_a9789386515728 _c800.00 |
||
| 035 | _aEN-117002 | ||
| 037 | _bDBAD/PUB | ||
| 082 | _a342.54 | ||
| 100 | _aBasu, Durga Das | ||
| 245 |
_aIntroduction to the Constitution of India/ _cDurga Das Basu |
||
| 250 | _a23rd Edition | ||
| 260 |
_aHaryana _bLexisNexis _c2018 |
||
| 270 |
_a14th Floor, Building No. 10, Tower-B, DLF Cyber City, Phase-II _bGurgaon _e122002 _mhelp.in@lexisnexis.com |
||
| 300 |
_axxxiii, 559p. _bIndex _c24cm(pbk) |
||
| 942 |
_2ddc _cEN _h342.54 _mBAS |
||